Normal view MARC view

Entry Personal Name

Number of records used in: 1

001 - CONTROL NUMBER

  • control field: 1235525

003 - CONTROL NUMBER IDENTIFIER

  • control field: OSt

005 - DATE AND TIME OF LATEST TRANSACTION

  • control field: 20260423141219.0

008 - FIXED-LENGTH DATA ELEMENTS

  • fixed length control field: 260423|| aca||aabn | a|a d

040 ## - CATALOGING SOURCE

  • Original cataloging agency: OSt
  • Transcribing agency: OSt

100 ## - HEADING--PERSONAL NAME

  • Personal name: Tripathi P. C

670 ## - SOURCE DATA FOUND

  • Source citation: Work cat.: (OSt)614428: Tripathi P. C. 241510, Personnel management : Theory and practice , 1978
Copyright @ Delhi University Library System